00703cam a2200217u 45000010005000000030008000050050017000130080041000300350019000710400030000900410008001200820021001282450047001492600043001963000026002395000015002656500049002806500063003297100048003927400045004408016BD-RjUL20211208234518.0140116s1975 xx 000 0 jpn d a(BD-RjUL) 8061 aDLCcCarPd(BD-RjUL)beng aeng00221a495.65 bEXP00a Expressing the Japanese mind in English / c50 [1975]aJapanbThe Japan Fundation. avii, 194 p. ;c19 cm. aRomanized. 0aJapanese languagexTranslating into English. 0aEnglish languagexConversation and phrase booksxJapanese.2 aKokusai Kōryū Kikin. [from old catalog]0 aExpressing the Japanese mind in English.